000 00629nam a2200193 i 4500
001 70005
003 ES-MaACL
005 20251113144911.0
007 t|
008 040714s1968 sp ||||1| spa d
100 1 _aGarcía Martínez, Manuel.
_954915
245 1 0 _aPlan de formación bíblica /
_cManuel García Martínez, Jaime Castiñeiras Muñoz, Javier Domínguez Martín-Sánchez.
260 _aBilbao :
_bMensajero,
_c1968.
300 _a193 p. ;
_c19 cm.
700 1 _aCastiñeiras, Jaime.
_936788
700 1 _aDomínguez, Javier,
_d1929-
_9152738
852 _aES-MaACL
_jC-51433
_bR.66204
999 _c70005
_d70005